<?xml version="1.0" encoding="UTF-8"?>
<record
    xmlns:xsi="http://www.w3.org/2001/XMLSchema-instance"
    xsi:schemaLocation="http://www.loc.gov/MARC21/slim http://www.loc.gov/standards/marcxml/schema/MARC21slim.xsd"
    xmlns="http://www.loc.gov/MARC21/slim">

  <leader>03450cam a2200409 i 4500</leader>
  <controlfield tag="001">15935809</controlfield>
  <controlfield tag="003">EG-ScBUE</controlfield>
  <controlfield tag="005">20230514110137.0</controlfield>
  <controlfield tag="008">210710t2020    gw a   f      001 0 eng d</controlfield>
  <datafield tag="020" ind1=" " ind2=" ">
    <subfield code="a">9783899551105</subfield>
  </datafield>
  <datafield tag="035" ind1=" " ind2=" ">
    <subfield code="a">(OCoLC)on1155941081</subfield>
  </datafield>
  <datafield tag="035" ind1=" " ind2=" ">
    <subfield code="a">15935809</subfield>
  </datafield>
  <datafield tag="040" ind1=" " ind2=" ">
    <subfield code="a">YDX</subfield>
    <subfield code="b">eng</subfield>
    <subfield code="e">rda</subfield>
    <subfield code="c">YDX</subfield>
    <subfield code="d">ABJ</subfield>
    <subfield code="d">OCLCO</subfield>
    <subfield code="d">BDX</subfield>
    <subfield code="d">YDXIT</subfield>
    <subfield code="d">OHX</subfield>
    <subfield code="d">TXHLS</subfield>
    <subfield code="d">OCLCO</subfield>
    <subfield code="d">CAD</subfield>
    <subfield code="d">EG-ScBUE</subfield>
  </datafield>
  <datafield tag="082" ind1="0" ind2="4">
    <subfield code="a">702.812</subfield>
    <subfield code="2">22</subfield>
    <subfield code="b">AGE</subfield>
  </datafield>
  <datafield tag="245" ind1="0" ind2="4">
    <subfield code="a">The age of collage.</subfield>
    <subfield code="n">Vol. 3 :</subfield>
    <subfield code="b">contemporary collage in modern art /</subfield>
    <subfield code="c">[edited by Robert Klanten and Lincoln Dexter ; co-editors: Dennis Busch and Francesca Gavin ; texts by Francesca Gavin].</subfield>
  </datafield>
  <datafield tag="246" ind1="3" ind2="0">
    <subfield code="a">Contemporary collage in modern art</subfield>
  </datafield>
  <datafield tag="264" ind1=" " ind2="1">
    <subfield code="a">Berlin :</subfield>
    <subfield code="b">Die Gestalten Verlag,</subfield>
    <subfield code="c">2020.</subfield>
  </datafield>
  <datafield tag="264" ind1=" " ind2="4">
    <subfield code="c">c2020</subfield>
  </datafield>
  <datafield tag="300" ind1=" " ind2=" ">
    <subfield code="a">319 pages :</subfield>
    <subfield code="b">illustrations (chiefly color) ;</subfield>
    <subfield code="c">31 cm</subfield>
  </datafield>
  <datafield tag="336" ind1=" " ind2=" ">
    <subfield code="a">text</subfield>
    <subfield code="b">txt</subfield>
    <subfield code="2">rdacontent</subfield>
  </datafield>
  <datafield tag="336" ind1=" " ind2=" ">
    <subfield code="a">still image</subfield>
    <subfield code="b">sti</subfield>
    <subfield code="2">rdacontent</subfield>
  </datafield>
  <datafield tag="337" ind1=" " ind2=" ">
    <subfield code="a">unmediated</subfield>
    <subfield code="b">n</subfield>
    <subfield code="2">rdamedia</subfield>
  </datafield>
  <datafield tag="338" ind1=" " ind2=" ">
    <subfield code="a">volume</subfield>
    <subfield code="b">nc</subfield>
    <subfield code="2">rdacarrier</subfield>
  </datafield>
  <datafield tag="500" ind1=" " ind2=" ">
    <subfield code="a">Includes index.</subfield>
  </datafield>
  <datafield tag="505" ind1="0" ind2=" ">
    <subfield code="a">A brief history of collage: introduction / Francesca Gavin -- Peter Horvath profile -- B. D. Graft -- Evren Tekinoktay -- Edouard Taufenbach -- Claire Pestaille -- Alex Eckman-Lawn -- M!dor! -- Radcliffe Bailey -- David Leggett -- Yinka Shonibare -- Larry Achiampong -- David Noonan profile -- Richard Hawkins -- Collier Schorr -- Simon Moretti -- Troy Michie -- Kensuke Koike -- Seb Jarnot -- Seana Gavin -- Scott Treleaven -- Lee Maelzer -- Eva Kot'&#xFFFD;atkov&#xFFFD;a profile -- Roc&#xFFFD;io Montoya -- Natalie Huth -- Matt Borruso -- Katrien De Blauwer -- Bas Louter -- Anthony Zinonos -- Jono Boyle -- Mesineto -- Sergei Sviatchenko profile -- Jannis P&#xFFFD;atzold -- Louis Reith -- Andrei Cojocaru -- Adam Pendleton profile -- Frida Orupabo -- Michael Salerno -- Barbara Breitenfellner -- Nil Ultra -- Niina Vatanen -- Aikaterini Gegisian -- Jesse Draxler -- James Gallagher -- Vesna Vrdoljak -- Penny Slinger -- Soozy Lipsey -- Weronika G&#xFFFD;esicka profile -- Anthony Gerace -- Beth Hoeckel -- Charles Wilkin -- Dennis Busch -- Matthieu Bourel -- Alma Haser -- Isabel Reitemeyer -- Lola Dupre -- Johanna Goodman profile -- Jens Wortmann -- Milen Till -- Max-o-matic -- Amie Dicke profile -- Kelly Maker -- James Springall -- Diane Meyer -- Naohiro Utagawa -- Federica Coletti.</subfield>
  </datafield>
  <datafield tag="520" ind1=" " ind2=" ">
    <subfield code="a">"Featuring dynamic works from the contemporary collage landscape, The Age of Collage Vol. 3 showcases a new crop of creative vanguards advancing the medium's possibilities, piece by piece, splice by splice. With its foundations in Surrealism and Dadaism, what was once a convention-defying practice has maintained a voice for generations. Equipped with a craft knife, paintbrush, stylus, or scissors, a collage artist's toolkit is as varied as their output and this title brings their work back to the paper page. Investigating the varied aesthetic cues and cultural tropes that inspire their interdisciplinary approach, this comprehensive volume details more than 70 artists discovering new ways of elevating the genre."--Provided by publisher.</subfield>
  </datafield>
  <datafield tag="650" ind1=" " ind2="7">
    <subfield code="a">Collage.</subfield>
    <subfield code="2">BUEsh</subfield>
  </datafield>
  <datafield tag="650" ind1=" " ind2="7">
    <subfield code="a">Art, Modern</subfield>
    <subfield code="y">21st century.</subfield>
    <subfield code="2">BUEsh</subfield>
  </datafield>
  <datafield tag="650" ind1=" " ind2="7">
    <subfield code="a">Art, Modern</subfield>
    <subfield code="y">20th century.</subfield>
    <subfield code="2">BUEsh</subfield>
  </datafield>
  <datafield tag="653" ind1=" " ind2=" ">
    <subfield code="b">ART</subfield>
    <subfield code="c">May2023</subfield>
  </datafield>
  <datafield tag="655" ind1=" " ind2=" ">
    <subfield code="v">Reading book</subfield>
  </datafield>
  <datafield tag="700" ind1="1" ind2=" ">
    <subfield code="a">Klanten, Robert,</subfield>
    <subfield code="e">editor.</subfield>
  </datafield>
  <datafield tag="700" ind1="1" ind2=" ">
    <subfield code="a">Dexter, Lincoln,</subfield>
    <subfield code="e">editor.</subfield>
  </datafield>
  <datafield tag="700" ind1="1" ind2=" ">
    <subfield code="a">Busch, Dennis,</subfield>
    <subfield code="d">1971-</subfield>
    <subfield code="e">editor.</subfield>
  </datafield>
  <datafield tag="700" ind1="1" ind2=" ">
    <subfield code="a">Gavin, Francesca,</subfield>
    <subfield code="e">editor,</subfield>
    <subfield code="e">writer of added text.</subfield>
  </datafield>
  <datafield tag="942" ind1=" " ind2=" ">
    <subfield code="2">ddc</subfield>
    <subfield code="c">BB</subfield>
  </datafield>
  <datafield tag="999" ind1=" " ind2=" ">
    <subfield code="c">30361</subfield>
    <subfield code="d">30332</subfield>
  </datafield>
  <datafield tag="952" ind1=" " ind2=" ">
    <subfield code="0">0</subfield>
    <subfield code="1">0</subfield>
    <subfield code="2">ddc</subfield>
    <subfield code="4">0</subfield>
    <subfield code="7">0</subfield>
    <subfield code="8">Baccah</subfield>
    <subfield code="a">MAIN</subfield>
    <subfield code="b">MAIN</subfield>
    <subfield code="c">2ND</subfield>
    <subfield code="d">2023-05-14</subfield>
    <subfield code="e">Purchase</subfield>
    <subfield code="g">2214.00</subfield>
    <subfield code="h">37381</subfield>
    <subfield code="l">3</subfield>
    <subfield code="m">7</subfield>
    <subfield code="o">702.812 AGE</subfield>
    <subfield code="p">000056635</subfield>
    <subfield code="r">2025-12-22 00:00:00</subfield>
    <subfield code="s">2025-12-11</subfield>
    <subfield code="v">2767.50</subfield>
    <subfield code="w">2023-05-14</subfield>
    <subfield code="y">BB</subfield>
  </datafield>
</record>
